00728nam a2200181Ia 4500008004100000020001800041050002100059100002600080245009800106250001000204260003300214300007000247500006100317650003300378942000700411952011100418999001700529120625s9999 xx 000 0 und d a9789681870072 aHF1025 A95 2010 aAYLLON TORRES, Teresa aGeografía económica b: para las escuelas preparatorias c/ Teresa Ayllón Torres; autor a11ava aMéxicob : Limusac , 2010 a299 páginasb:mapas, graficas, ilustraciones y tablasc; 28 cm. aincluye: índice, bibliografía, apéndice e imagenes a1.Geografía económica  cLB 00104070a03b03d2014-09-05l24oHF1025 A95 2010p03 006826r2017-05-11s2017-05-11t1w2014-09-05yLB c93866d93866